000 00966cam a2200301 4500
001 M1007
008 090401t1991 xxu||||| |||| 00| 0 eng d
035 _a(Sirsi) u29379
041 _aeng
050 _a333.0062
_c18
090 _aRICS 1991/57A
110 _aRoyal Institution of Chartered Surveyors
_94900
245 4 _aThe chartered surveyors' rule book
_bamendment no. 1 (April 1991)
260 _aLondon
_bRICS
_c1991
300 _a[24]p.
_c21cm.
350 _a0
490 _aRICS Chartered Surveyors' Rule Book
_vAmendment 1
520 _aFirst amendment to "The chartered surveyors' rule book" (J1334).
650 _aRICS BYE-LAWS
650 _aRICS MEMBERS' ACCOUNTS RULES
650 _aRICS PROFESSIONAL INDEMNITY INSURANCE RULES
650 _aPROFESSIONAL CONDUCT
650 _aRICS REGULATIONS
650 _aRICS RULES OF CONDUCT
690 _aMANAGEMENT-BUSINESS MANAGEMENT-PROFESSIONAL PRACTICE
942 _n0
948 _c04/03/1997
999 _c89412
_d89412